000 00633nam a2200241Ia 4500
003 OSt
005 20220927114629.0
006 a|||||r|||| 00| 0
007 ta
008 220926b |||||||| |||| 00| 0 eng d
024 _a51964
037 _cThesis and Dissertations
040 _aRTL
_cRTL
_beng
041 _2eng
_aeng
082 _a"X:8D, J3"
100 _aChambers Raymond J
245 0 _aFinancial management
_b a study of the bases of fi
250 _a2nd
260 _c1953
650 _aFinancial
_9389063
942 _h"X:8D, J3"
_cCC
999 _c704945
_d704945